4 letter word ladder all Quiz Stats

 Plays Quiz not verified by Sporcle

Challenge
Share
Tweet
Embed
Score 0/10 Timer 02:00
0 Plays Today
Clue Word % Correct
opposite of frontback
94.3%
break into computerhack
91.4%
used to keep a door shutlock
82.9%
hacky ___sack
81.4%
put on footsock
75.7%
male namejack
75.7%
disc ___jock
70%
small sharp objecttack
55.7%
big objectrock
54.3%
non authentic or not realmock
47.1%

You're not logged in!

Compare scores with friends on all Sporcle quizzes.
OR
Log In

You Might Also Like...

Show Comments

Extras

Top Quizzes Today


Score Distribution

Your Account Isn't Verified!

In order to create a playlist on Sporcle, you need to verify the email address you used during registration. Go to your Sporcle Settings to finish the process.

Report this User

Report this user for behavior that violates our Community Guidelines.

Details: